Spanish Nationalities - Statistics

General Stats
  • This quiz has been taken 518 times
    407 since last reset
  • The average score is 12 of 20
Answer Stats
Hint Answer % Correct
Argentina argentino
89%
Cuba cubano
88%
Colombia colombiano
86%
México mexicano
86%
Bolivia boliviano
83%
España español
79%
Chile chileno
78%
República Dominicana dominicano
62%
Perú peruano
61%
Paraguay paraguayo
52%
Uruguay uruguayo
51%
Venezuela venezolano
51%
Honduras hondureño
50%
El Salvador salvadoreño
48%
Guatemala guatemalteco
45%
Panamá panameño
44%
Nicaragua nicaraguense
41%
Ecuador ecuatoriano
40%
Puerto Rico puertorriqueño
36%
Costa Rica costarricense
35%
No matching quizzes found
Score Distribution
Percent of People with Each Score
Percentile by Number Answered
Your Score History
You have not taken this quiz since the last reset